| 000 | 00589cam a2200229 a 4500 | ||
|---|---|---|---|
| 001 | 3941989 | ||
| 003 | OSt | ||
| 005 | 20160324114228.0 | ||
| 008 | 930217s1993 nyu 000 1 eng | ||
| 010 | _a 93018590 | ||
| 020 | _a089296541X : | ||
| 040 | _aSEKU | ||
| 050 | 0 | 0 |
_aPS 3557 _b.G6 |
| 082 | 0 | 0 |
_a813/.54 _220 |
| 100 | 1 |
_aGores, Joe, _d1931-2011. |
|
| 245 | 1 | 0 |
_aDead man / _cJoe Gores. |
| 260 |
_aNew York : _bMysterious Press, _c1993. |
||
| 300 |
_a260 p. ; _c24 cm. |
||
| 650 | 0 |
_aAssassins _xFiction. |
|
| 655 | 7 |
_aDetective and mystery stories. _2gsafd |
|
| 942 |
_2lcc _cGEN |
||
| 999 |
_c12265 _d12265 |
||